Southern Villes - Statistics

General Stats
  • This quiz has been taken 10 times
  • The average score is 9 of 15
Answer Stats
Description City % Correct
On the Kentucky-Indiana border, on the Ohio River, home to the Kentucky Derby Louisville
100%
Capital city of Tennessee, major center for the country music industry Nashville
88%
Home to Biltmore Estate, on the Blue Ridge Mountains Asheville
75%
Southern tip of Texas, on the Rio Grande, across from Matamoros (Mexico) Brownsville
75%
Home to the University of Virginia, home to Jefferson's Monticello Charlottesville
75%
In the First Coast region of northeast Florida, on the St. Johns River Jacksonville
75%
Home to the University of Tennessee, on the Tennessee River, home to the Sunsphere Knoxville
75%
In northwestern Arkansas, birthplace and world headquarters of Walmart Bentonville
63%
Home to the US Army's Fort Bragg, on the Cape Fear River Fayetteville
63%
In northern Alabama, north of the Tennessee River, home to the U.S. Space & Rocket Center Huntsville
63%
Home to the University of Florida, the birthplace of Gatorade Gainesville
50%
On the foothills of the Blue Ridge Mountains, halfway between Atlanta and Charlotte Greenville
50%
On the Tennessee-Kentucky Border, near the US Army's Fort Campbell Clarksville
38%
On the Virginia-North Carolina border, hosted the Confederate government during the US Civil War Danville
25%
On the Old Hickory Lake, home to numerous country musicians, including Johnny Cash Hendersonville
13%
No matching quizzes found
Score Distribution
Percent of People with Each Score
Percentile by Number Answered
Your Score History
You have not taken this quiz